| 000 | 01618nam a2200277Ia 4500 | ||
|---|---|---|---|
| 999 |
_c52650 _d52650 |
||
| 001 | 19674 | ||
| 003 | GE_BSU | ||
| 005 | 20200319223213.0 | ||
| 008 | 181216s1980||||ge |||||||||||||| ||geo|| | ||
| 040 | _cGE_BSU | ||
| 041 | _ageo | ||
| 080 | _a811.353.1(09) შ-21 | ||
| 100 |
_aშანიძე, აკაკი. _95491 |
||
| 245 |
_aთხზულებანი თორმეტ ტომად = Сочинения в двенадцати томах : ტომი 3 : _bქართული ენის გრამატიკის საკითხები / _c აკაკი შანიძე ; მთ. რედ. შოთა ძიძიგური ; ტომის რედ. მზექალა შანიძე. |
||
| 264 |
_aთბილისი : _bმეცნიერება, _c1980. |
||
| 300 | _a656გვ; 1 ფოტო პორტ.22სმ | ||
| 500 | _aსაძიებელი : გვ. 629-653 | ||
| 504 | _aძირითადი სამეცნ. ლიტ-რა : გვ. 655-656 | ||
| 653 | _aქართული ენა | ||
| 653 | _aქართული ენის სტრუქტურა | ||
| 653 | _aქართული ენის ისტორია | ||
| 700 |
_a ძიძიგური, შოთა _eმთავარი რედაქტორი _97769 |
||
| 700 |
_a შანიძე, მზექალა _eტომის რედაქტორი _97770 |
||
| 710 |
_aსაქართველოს სსრ მეცნიერებათა აკადემია _97771 |
||
| 942 |
_cBK _2udc |
||